<?xml version="1.0" encoding="UTF-8"?>
<marc:record xmlns:marc="http://www.loc.gov/MARC21/slim">
   <marc:leader>00000nam a2200000 a 4500</marc:leader>
   <marc:datafield ind1="1" ind2=" " tag="100">
      <marc:subfield code="a">McTaque, Fiona</marc:subfield>
      <marc:subfield code="4">aut</marc:subfield>
      <marc:subfield code="e">Verfasser/-in</marc:subfield>
   </marc:datafield>
   <marc:datafield ind1=" " ind2=" " tag="653">
      <marc:subfield code="a">Kinder</marc:subfield>
   </marc:datafield>
   <marc:datafield ind1=" " ind2=" " tag="653">
      <marc:subfield code="a">Stricken</marc:subfield>
   </marc:datafield>
   <marc:datafield ind1=" " ind2=" " tag="653">
      <marc:subfield code="a">Teddys</marc:subfield>
   </marc:datafield>
   <marc:datafield ind1="0" ind2="0" tag="245">
      <marc:subfield code="a">Neue Strickideen für Kinder und ihre Teddys</marc:subfield>
   </marc:datafield>
   <marc:datafield ind1="0" ind2="0" tag="245">
      <marc:subfield code="c">Sandra Polley</marc:subfield>
   </marc:datafield>
   <marc:datafield ind1=" " ind2="1" tag="264">
      <marc:subfield code="a">Stuttgart</marc:subfield>
      <marc:subfield code="b">Urania</marc:subfield>
      <marc:subfield code="c">2005</marc:subfield>
   </marc:datafield>
   <marc:datafield ind1="1" ind2=" " tag="520">
      <marc:subfield code="a">Ideen und Anleitungen zum Stricken von Teddybären samt Kleidung und Accessoires; reich illustriert. Ob Jack, Cathrine oder Robert - originell und einmalig sind die liebevoll entworfenen und handgestrickten Bären alle. Anfänger oder erfahrene Strickerinnen können sich an kleinen oder größeren Teddys zum Spielen, Sammeln oder Verschenken versuchen. Ausführliche Anleitungen zu Materialien und Stricktechniken sowie zum Füllen und Nähen der teilweise beweglichen Bärkörper ermöglichen das Nacharbeiten. Für das passende Outfit sorgen Kleidungsstücke und Accessoires, die gleich mitgestrickt werden können. Zugreifen sollten große wie kleine Bibliotheken, auch wegen der soliden buchbinderischen Verarbeitung und des angemessenen Preises. (2)</marc:subfield>
   </marc:datafield>
   <marc:datafield ind1=" " ind2=" " tag="020">
      <marc:subfield code="a">9783332017458</marc:subfield>
      <marc:subfield code="9">9783332017458</marc:subfield>
   </marc:datafield>
   <marc:datafield ind1=" " ind2=" " tag="041">
      <marc:subfield code="a">ger</marc:subfield>
   </marc:datafield>
   <marc:datafield ind1="1" ind2=" " tag="521">
      <marc:subfield code="a">0</marc:subfield>
   </marc:datafield>
   <marc:datafield ind1=" " ind2=" " tag="300">
      <marc:subfield code="a">96 S. : zahlr. Ill.,</marc:subfield>
   </marc:datafield>
</marc:record>
